[Event "Lippe Cup-B 08th"]
[Site "Lieme"]
[Date "2011.10.30"]
[Round "5"]
[White "Hollaender, Holger"]
[Black "Bajorski, Leszek"]
[Result "1-0"]
[WhiteElo "1548"]
[BlackElo "1774"]
[PlyCount "49"]
[EventDate "2011.10.28"]
[EventType "swiss"]
[EventRounds "5"]
[EventCountry "GER"]
[SourceTitle "EXT 2012"]
[Source "ChessBase"]
[SourceDate "2011.11.24"]
[SourceVersion "1"]
[SourceVersionDate "2011.11.24"]
[SourceQuality "1"]

1. e4 c5 2. Nf3 e6 3. d4 cxd4 4. Nxd4 a6 5. Nc3 Qc7 6. Be3 Nf6 7. Be2 Bb4 8. 0-0 Bxc3 9. bxc3 Nxe4 10. Bd3 Nf6 11. c4 d6 12. f4 Nbd7 13. g4 e5 14. Nf5 g6 15. Ng3 Nc5 16. fxe5 Nxg4 17. exd6 Qxd6 18. Qf3 Be6 19. Bf4 Qc6 20. Qe2 h5 21. h3 h4 22. Ne4 Nxe4 23. Bxe4 Qc5+ 24. Kg2 Nh6 25. Rab1 1-0